|
|
|
|
| LEADER |
00000nab a2200000uu 4500 |
| 001 |
vtls011434130 |
| 003 |
SK-MaSNL |
| 005 |
20260303145835.0 |
| 008 |
230222|1984 xo |||||||||||||||||slo| |
| 015 |
|
|
|a SNBRB
|
| 035 |
|
|
|a (urnnbn)urn:nbn:sk:snk:ar-001qt4
|
| 035 |
|
|
|a (uuid)bddd3d8a-5188-477d-aa57-9a4f7279cc1c
|
| 035 |
|
|
|a urn:nbn:sk:snk-abca1l
|
| 040 |
|
|
|a SNKBUCL
|b slo
|c SNKBUCL
|e AACR2
|
| 041 |
0 |
|
|a slo
|
| 044 |
|
|
|a xo
|c SK
|
| 100 |
1 |
|
|a Panigaj, Ľubomír,
|d 1953-
|4 aut
|9 15268
|
| 245 |
1 |
0 |
|a PRÍSPEVOK K POZNANIU FAUNY LEPIDOPTER OBLASTI CIGEĽKY, OKRES BARDEJOV
|c Ľubomír Panigaj
|
| 773 |
0 |
|
|t Zborník Slovenského národného múzea
|g Roč. 78, č. 30 (1984), s. 155-[187]
|
| 954 |
|
|
|a odborná, vedecká literatúra pôvodná (slovenská)
|2 lita
|
| 958 |
|
|
|a OND
|
| 958 |
|
|
|a EUIPO
|
| 958 |
|
|
|a article16
|
| 999 |
|
|
|c 2005694
|d 2007624
|